00555nam a22001817a 450000500170000001000600001702000260007703500240010303500170012703700170014403700130016108200100017410000160018424500730020026000390027327000410031230000200035320230706161316.0 a1718EN-30 ENG-118197 B-688522-527 ENG-137323 a9789386231055c350.00 aEN-101729 EN-120855 aB-688522-527 bPrabhatadpl bDBAD/PUB a158.1 aZiglar, Zig aBorn to win bFind your success code /cby Zig Zigler And Tom Ziglar aNew DelhibPrabhat Prakashanc2017 a4/19 Asaf Ali Road, New Delhi-110002 a190pc22cm.(Hb)